000 00323nam a2200133Ia 4500
100 _aLucas/Henry/C
942 _cBK
654 _aanalysis
245 _aAnalysis design and implementation of information system
260 _bMcGraw Hill
_aNew York
_c1985
082 _a658.40388
_bLUC
300 _a495
546 _aENGLISH
999 _c24873
_d24873